01810nam a2200289 a 4500003000900000005001700009008003800026020001800064040003300082041000800115082001800123100003600141245014100177250002200318264007900340300003800419336002900457337003300486338002800519490010600547520064800653521004201301650006901343650003201412650003401444700004201478CO-PeBPR20260504093800.0260415e2024 ck a|||| n||| 00| 0 spa c a97895888796590 aCO-PeBPRbspacCO-PeBPRerda0 hspa04a345.025 S194r1 aSánchez Iregui, Felipeeautor10aRedes socialesb: del daño virtual a la responsabilidad legalc/ Javier Felipe Sánchez Iregui ; prólogo de Javier Darío Restrepo aTercera edición 1aBogotá, Colombiab: Grupo Noriegab; Universidad Sergio Arboledac, 2024 a211 páginasc; 24 centímetros atextobtxtcrdacontenido asin mediaciónbn2rdamedio avolumenbnc2rdasoporte aPlan Nacional de Lectura, Escritura y Oralidad / Ministerio de las Culturas, las Artes y los Saberes. aPalabras como Trolls, bots, influenciadores, fake news, algoritmos y "validadores de verdad" ya son de uso frecuente entre las personas y profesionales de todas las áreas, estratos e intereses. De manera innovadora, este libro se ocupa de la responsabilidad legal, social y ética que comporta el empleo de las plataformas digitales en el ejercicio de la libertad de expresión y opinión, así como la publicación de todo tipo de afirmaciones, acusaciones, comentarios o pictogramas (emoticones y emojis) que pueden llegar a tener un efecto positivo o negativo, pero en todo caso, multiplicador. Tomado de la contracubierta del libro. aRecomendado para jóvenes y adultos.142LEMBaRedes sociales en líneaxLegislaciónzAmérica Latina142LEMBaResponsabilidad legal142LEMBaLibertad de expresión1 aRestrepo, Javier Daríoeprologuista